000
00289nam a22001217a 4500
008
180125b xxu||||| |||| 00| 0 eng d
041
_a
eng
080
_a
574
100
_a
9
101
_a
mje
245
_a
nonnative invasive plants of southern forests
_c
miller.j.h
942
_2
udc
_c
BK
999
_c
40954
_d
40954